000 00293nam a22001097a 4500
999 _c516551
_d516551
082 _aTNC B7x54 Gh23
100 _aGhai, O. P. (ed.)
_923075
245 _aQuest for achievement
_cedited by O. P. Ghai
260 _aNew Delhi
_bI.P.D.
_c1991
300 _a144p.
650 _aSelf - Improvement
_923076